| 000 | 01227nam a2200229 i 4500 | ||
|---|---|---|---|
| 001 | 167077 | ||
| 003 | ES-MaACL | ||
| 005 | 20250809231912.0 | ||
| 008 | 150409m18651866sp |||| | spa d | ||
| 080 | _a34(460)(094.5) | ||
| 080 | _a35(460)(094.5) | ||
| 245 | 0 | 0 |
_aColección de códigos y leyes de España. Primera sección, Códigos antiguos / _c[publicada bajo la dirección de Esteban Pinel y Alberto Aguilera y Velasco]. |
| 260 |
_a[Madrid : _bs.n.], _c1865-1866 ( _fImp. a cargo de Francisco Roig : Imp. de R. Labajos) |
||
| 300 |
_a4 v. ; _c28 cm. |
||
| 505 | 0 | _a1. Fuero Juzgo. Fuero Viejo de Castilla. Fuero Real. Leyes del Estilo. Leyes Nuevas. Leyes de los Adelantados. Ordenación de las Tafurerías (351 p.) - 2-3: Las Siete Partidas (536 p.; 371 p.) - 4: Espéculo. Ordenamiento de Alcalá. Ordenanzas Reales de Castilla. | |
| 594 | _aMención de responsabilidad tomada del v. 2. En el v. 1 no consta mención de responsabilidad. Los v. 3-4 constan como dirigidos por Alberto Aguilera. | ||
| 650 | 7 |
_aDerecho- _zEspaña _2 _9141531 |
|
| 700 | 1 |
_aPinel, Esteban. _9156674 |
|
| 700 | 1 |
_aAguilera y Velasco, Alberto, _d1842-1913 _918786 |
|
| 852 |
_aES-MaACL _jG-6991-94 |
||
| 999 |
_c167077 _d167077 |
||